15= 15 Aventuras históricas (Registo nº 2140)
[ vista simples ]
| 000 -Etiqueta do registo | |
|---|---|
| Cabeçalho | 00800nam a22002531 4500 |
| 005 - Identificador da versão | |
| Campo de controlo | 20240813121926.0 |
| 100 ## - Dados gerais de processamento | |
| Dados gerais de processamento | 19950711d1985 a y0pory500305 ba |
| 102 ## - Pais de publicação ou produção | |
| País de publicação | Portugal |
| 101 1# - Língua de publicação | |
| Língua do texto, banda sonora, etc. | Português |
| Língua do documento no original | Francês |
| 215 ## - Descrição física | |
| Indicação específica da natureza do documento e extensão da espécie | 254p |
| Dimensões | 21cm |
| 200 1# - Titulo e menção de responsabilidade | |
| Título próprio | 15= 15 Aventuras históricas |
| Primeira menção de responsabilidade | texto de Fernão Mendes Pinto, Maria Adelaide Couto Viana e Maria de Melo |
| 225 2# - Colecção | |
| Título próprio da colecção | Série 15 |
| Indicação de volume | 21 |
| 210 ## - Publicação, Distribuição, etc. | |
| Lugar da edição, distribuição, etc. | Lisboa |
| Nome do editor, distribuidor, etc. | Verbo |
| Data da publicação, distribuição, etc. | 1985 |
| 500 10 - Título Uniforme | |
| Título uniforme | Quinze aventuras históricas |
| 606 ## - Nome comum usado como assunto | |
| Número de registo de entrada de autoridade | 0000910 |
| Palavra de ordem | Literatura portuguesa juvenil |
| Subdivisão de assunto | Romance histórico |
| 675 ## - Classificação Decimal Universal (CDU) | |
| Notação | 821.134.3-311.6 |
| Edição | 2ª |
| Língua da edição | por |
| 701 #1 - Nome de autor-pessoa física (co-responsabilidade principal) | |
| Palavra de ordem | Viana |
| Outra parte do nome não tomada para palavra de ordem | Maria Adelaide Couto |
| Palavra de ordem | Melo |
| Outra parte do nome não tomada para palavra de ordem | Maria de |
| 700 #1 - Nome de autor-pessoa física (responsabilidade principal) | |
| Número de registo de entrada de autoridade | 0000912 |
| Palavra de ordem | Pinto |
| Outra parte do nome não tomada para palavra de ordem | Fernão Mendes |
| 942 ## - Elementos de entrada adicionados (Koha) | |
| Tipo de item no Koha | Livro |
| Situação do levantamento | Origin of item (home branch) (coded) | Biblioteca de empréstimo | Código de barras | Cota | Circulation type (not for loan) | Tipo de documento | Nota do exemplar | Damaged status |
|---|---|---|---|---|---|---|---|---|
| Biblioteca Escolar da Coca Maravilhas | Biblioteca Escolar da Coca Maravilhas | BECM2730/95 | 8EST DIE | Livro | Sem mensagem |
